[Event "2007. Central Serbia champions"]
[Site "Vrnjacka Banja"]
[Date "2007.12.11"]
[Round "3.1"]
[White "Milicevic, Miodrag"]
[Black "Pikula, Dejan"]
[Result "0-1"]
[WhiteElo "2243"]
[BlackElo "2494"]
[PlyCount "80"]
[EventDate "2007.12.10"]

1. d4 Nf6 2. Nf3 e6 3. c4 b6 4. g3 Ba6 5. b3 Bb7 6. Bg2 Bb4+ 7. Bd2 a5 8. O-O
O-O 9. Bf4 a4 10. Nbd2 Ra7 11. Qc2 Nc6 12. e4 h6 13. d5 Ne7 14. Rfd1 Ng6 15.
Be3 Ng4 16. Bd4 e5 17. h3 exd4 18. hxg4 Qf6 19. e5 Nxe5 20. Nxe5 Qxe5 21. Nf3
Qf6 22. Qf5 Qxf5 23. gxf5 d3 24. Rab1 axb3 25. axb3 Re8 26. Bf1 c6 27. Rxd3
cxd5 28. cxd5 Ra2 29. Rbd1 Rb2 30. Nd2 Bc5 31. Nc4 Ra2 32. R3d2 Rxd2 33. Rxd2
Re1 34. Kg2 Rb1 35. Rd3 d6 36. Be2 Ba6 37. Rc3 b5 38. Ne3 Rb2 39. Bd1 Rd2 40.
Bf3 b4 0-1

[Event "2007. Central Serbia champions"]
[Site "Vrnjacka Banja"]
[Date "2007.12.11"]
[Round "3.2"]
[White "Todorovic, Goran M"]
[Black "Savic, Dragan"]
[Result "1-0"]
[WhiteElo "2470"]
[BlackElo "2229"]
[PlyCount "159"]
[EventDate "2007.12.10"]

1. e4 e6 2. d4 d5 3. Nd2 Nf6 4. e5 Nfd7 5. c3 c5 6. Bd3 Nc6 7. Ne2 Qb6 8. Nf3
f6 9. exf6 Nxf6 10. O-O Bd6 11. Be3 c4 12. Bxc4 Qxb2 13. Bb3 Qa3 14. Nf4 Qa5
15. c4 O-O 16. c5 Bc7 17. Re1 Qa6 18. Ng5 Nd8 19. Nd3 Bd7 20. Bf4 Bxf4 21. Nxf4
Ne4 22. Ngh3 Nf7 23. Bc2 Nfg5 24. Nxg5 Nxg5 25. Bd3 Qc6 26. Qg4 h6 27. Ng6 Rfe8
28. Ne5 Qc7 29. h4 Ne4 30. Bxe4 dxe4 31. Rxe4 Re7 32. Rae1 Rae8 33. Qg6 Rf8 34.
Qg3 Be8 35. Qe3 b6 36. Nc4 Rf6 37. Re5 bxc5 38. d5 Qd7 39. d6 Ref7 40. f3 Qa4
41. Rxc5 Rb7 42. Rc8 Rb4 43. Qc5 Kh7 44. Rc7 Bb5 45. Ne5 Rxh4 46. Qxa7 Qxa7+
47. Rxa7 Rd4 48. Rb7 Ba4 49. Re4 Rd1+ 50. Kh2 Be8 51. d7 Bg6 52. Rb8 Bxe4 53.
fxe4 Rf2 54. d8=Q Rxd8 55. Rxd8 Rxa2 56. Kg3 g5 57. Rd7+ Kg8 58. Ng4 Ra3+ 59.
Kh2 Ra4 60. Nf6+ Kf8 61. Kg3 h5 62. Nxh5 Rxe4 63. Nf6 Re2 64. Nh7+ Ke8 65. Ra7
g4 66. Nf6+ Kf8 67. Nxg4 Ke8 68. Kf3 Re1 69. Nf6+ Kf8 70. Ne4 Rf1+ 71. Ke2 Rb1
72. Ke3 Rb5 73. g4 Rd5 74. Kf4 Rb5 75. g5 Rb1 76. Ke5 Re1 77. Kf6 Ke8 78. Nd6+
Kd8 79. Nf7+ Ke8 80. Ne5 1-0

[Event "2007. Central Serbia champions"]
[Site "Vrnjacka Banja"]
[Date "2007.12.11"]
[Round "3.3"]
[White "Pantelic, Sasa"]
[Black "Djosic, Slavoljub"]
[Result "1/2-1/2"]
[WhiteElo "2237"]
[BlackElo "2280"]
[PlyCount "103"]
[EventDate "2007.12.10"]

1. d4 d6 2. c4 Nf6 3. Nc3 Nbd7 4. Nf3 e5 5. g3 c6 6. Bg2 Be7 7. O-O O-O 8. b3
Re8 9. Qc2 Bf8 10. dxe5 dxe5 11. Rd1 Qc7 12. h3 a5 13. Bg5 h6 14. Be3 Nc5 15.
Rac1 g6 16. Nd2 Bf5 17. Qb2 Rad8 18. a3 Bc8 19. b4 axb4 20. axb4 Ne6 21. Nd5
cxd5 22. cxd5 Qb8 23. dxe6 Bxe6 24. Bb6 Rd7 25. Nf3 Rxd1+ 26. Rxd1 Nd7 27. Be3
Bg7 28. Qd2 Kh7 29. h4 Nf6 30. Nh2 b5 31. Bc5 Bb3 32. Ra1 Rd8 33. Qe3 Bd5 34.
Be7 Rd7 35. Bxf6 Bxf6 36. Ng4 Bg7 37. Bxd5 Rxd5 38. h5 Rd4 39. Qf3 Qd8 40.
hxg6+ fxg6 41. Ra7 Rd7 42. Ra6 Rd1+ 43. Kg2 Qd5 44. Qxd5 Rxd5 45. Ra7 Kg8 46.
Rb7 Rd4 47. Ne3 Rxb4 48. Nd5 Rb2 49. e4 h5 50. Kf1 b4 51. Rxb4 Rxb4 52. Nxb4
1/2-1/2

[Event "2007. Central Serbia champions"]
[Site "Vrnjacka Banja"]
[Date "2007.12.11"]
[Round "3.4"]
[White "Zivkovic, Ivan B"]
[Black "Radosavljevic, Slobodan D"]
[Result "1-0"]
[WhiteElo "2222"]
[BlackElo "2256"]
[PlyCount "115"]
[EventDate "2007.12.10"]

1. e4 c5 2. Nf3 g6 3. d4 cxd4 4. Nxd4 Bg7 5. c4 Nc6 6. Be3 Nf6 7. Nc3 O-O 8.
Be2 d6 9. Qd2 Bd7 10. f3 Nxd4 11. Bxd4 a5 12. O-O Bc6 13. b3 Nd7 14. Be3 Nc5
15. Rab1 Qb6 16. Rfc1 Rfc8 17. Rc2 Qd8 18. Bf1 h5 19. a3 Kh7 20. b4 axb4 21.
axb4 Ne6 22. Nd5 Ra3 23. Kh1 Rca8 24. Bb6 Qe8 25. Ba5 Bh6 26. Qe1 Ba4 27. Rf2
Bc6 28. Rc2 Bg7 29. Qc1 R3xa5 30. bxa5 Rxa5 31. Qd2 Rc5 32. Ra2 Nd4 33. Nb6 e5
34. Ra8 Qe7 35. Na4 Bxa4 36. Rxa4 Rc7 37. Rab4 Ne6 38. Rb6 Bf8 39. g3 h4 40.
Bh3 Nc5 41. Kg2 Kg8 42. Bg4 Qf6 43. Rf1 Qe7 44. Kh3 hxg3 45. hxg3 Qe8 46. Ra1
f6 47. Qd5+ Kg7 48. Kg2 Rf7 49. Rh1 Qa4 50. Qd2 Kg8 51. Rb4 Qa5 52. Rb2 Qa3 53.
Rb5 Qa4 54. Rxc5 dxc5 55. Be6 Qe8 56. Qd5 b6 57. Bxf7+ Qxf7 58. Rh8+ 1-0

[Event "2007. Central Serbia champions"]
[Site "Vrnjacka Banja"]
[Date "2007.12.11"]
[Round "3.5"]
[White "Cabrilo, Goran"]
[Black "Marcetic, Predrag"]
[Result "1-0"]
[WhiteElo "2497"]
[BlackElo "2219"]
[PlyCount "97"]
[EventDate "2007.12.10"]

1. e4 e5 2. Bc4 Nf6 3. d3 d6 4. Nf3 Be6 5. Nbd2 Nbd7 6. O-O Bxc4 7. Nxc4 g6 8.
Re1 Bg7 9. c3 O-O 10. Bg5 h6 11. Bh4 Qe8 12. d4 b5 13. Ne3 Qb8 14. dxe5 Nxe5
15. Nxe5 dxe5 16. Qf3 Qb6 17. a4 g5 18. Bg3 Rfe8 19. h4 bxa4 20. hxg5 hxg5 21.
Qf5 Nh7 22. Re2 Qc6 23. Rd2 Re6 24. Nd5 Rae8 25. Rad1 Bf8 26. Nxc7 Rf6 27. Qd7
Re7 28. Qxc6 Rxc6 29. Nd5 Re8 30. Ra1 Rc4 31. f3 Re6 32. Bf2 Ra6 33. b3 Rcc6
34. b4 Rc4 35. Rda2 Nf6 36. Rxa4 Nxd5 37. Rxa6 Nxc3 38. R6a5 Bxb4 39. Rxe5 f6
40. Rf5 a5 41. Rxf6 Ne2+ 42. Kf1 Bc3 43. Rf5 Bxa1 44. Rxa5 Rc1+ 45. Kxe2 Rc2+
46. Ke3 Bf6 47. f4 Rc3+ 48. Kd2 Rc4 49. Ke3 1-0

[Event "2007. Central Serbia champions"]
[Site "Vrnjacka Banja"]
[Date "2007.12.11"]
[Round "3.6"]
[White "Drazic, Sinisa"]
[Black "Radovanovic, Slavko"]
[Result "1-0"]
[WhiteElo "2493"]
[BlackElo "2200"]
[PlyCount "103"]
[EventDate "2007.12.10"]

1. d4 Nf6 2. c4 d6 3. Nc3 e5 4. Nf3 Nbd7 5. e4 c6 6. Be2 Be7 7. O-O O-O 8. Qc2
Re8 9. h3 Qc7 10. Be3 Bf8 11. Rae1 g6 12. Nd2 Bg7 13. d5 a6 14. Rc1 c5 15. a3
h6 16. b4 b6 17. Rb1 g5 18. Rb3 Nf8 19. bxc5 bxc5 20. Na4 Ng6 21. Nb6 Ra7 22.
Nxc8 Rxc8 23. Rfb1 Nf4 24. Bf1 Qd8 25. Rb7 Raa8 26. R1b3 Ng6 27. g3 Ne8 28. Qd3
Nf6 29. Be2 Qe8 30. Kh2 Rd8 31. Bf3 Rdc8 32. Nb1 Bf8 33. Nc3 Rd8 34. Bd2 Rd7
35. Qb1 Rad8 36. Be2 Ne7 37. Rb2 Ng6 38. Bd1 Bg7 39. R2b6 Qf8 40. Bf3 Ne7 41.
Nd1 Ne8 42. Ne3 Bf6 43. Ba5 Rc8 44. Bg4 Rdc7 45. Rxc7 Nxc7 46. Rxd6 Ne8 47. Rb6
Ng6 48. Rb3 Nd6 49. Bb6 Nb7 50. Bd1 Ne7 51. Bc7 Nd8 52. Bd6 1-0

[Event "2007. Central Serbia champions"]
[Site "Vrnjacka Banja"]
[Date "2007.12.11"]
[Round "3.7"]
[White "Boskovic, Zlatomir"]
[Black "Arsovic, Zoran"]
[Result "0-1"]
[WhiteElo "2207"]
[BlackElo "2459"]
[PlyCount "72"]
[EventDate "2007.12.10"]

1. e4 c5 2. Nf3 d6 3. d4 cxd4 4. Nxd4 Nf6 5. Nc3 Nc6 6. Bc4 e6 7. Be3 a6 8. Qe2
Qc7 9. Bb3 Na5 10. f3 b5 11. g4 Nxb3 12. axb3 Bb7 13. O-O-O Nd7 14. Bg5 h6 15.
Bh4 g5 16. Bg3 Be7 17. Kb1 Ne5 18. h4 O-O-O 19. hxg5 hxg5 20. Rh5 Bf6 21. Rdh1
Ng6 22. Qf2 Nf4 23. Rxh8 Rxh8 24. Rxh8+ Bxh8 25. Bxf4 gxf4 26. Nde2 Be5 27. Qe1
Qc5 28. Qd2 Qf2 29. Qd3 Qe1+ 30. Ka2 Kc7 31. Nd4 Kd8 32. Nce2 Ke7 33. c4 Qa5+
34. Kb1 b4 35. Nc2 Qc5 36. Ncd4 a5 0-1

[Event "2007. Central Serbia champions"]
[Site "Vrnjacka Banja"]
[Date "2007.12.11"]
[Round "3.8"]
[White "Draskovic, Dragan"]
[Black "Tosic, Miroslav"]
[Result "0-1"]
[WhiteElo "2154"]
[BlackElo "2422"]
[PlyCount "109"]
[EventDate "2007.12.10"]

1. d4 Nf6 2. c4 e6 3. Nf3 b6 4. Bg5 Bb7 5. a3 h6 6. Bh4 c5 7. e3 Be7 8. Nc3 O-O
9. Be2 d6 10. O-O Nbd7 11. h3 a6 12. Bg3 Rc8 13. Nd2 Qc7 14. Rc1 Rfd8 15. Qc2
cxd4 16. exd4 Qb8 17. Rfe1 Qa8 18. Bf1 d5 19. f3 Nh5 20. Bf2 Bg5 21. cxd5 Bxd5
22. Rcd1 b5 23. Qb1 Bb7 24. Nde4 Bf4 25. Ne2 Bb8 26. Nc5 Ndf6 27. Nc3 Ng3 28.
N5e4 Nfh5 29. Bd3 Bd5 30. Nxg3 Nxg3 31. Ne4 Nf5 32. Nc3 Ne7 33. Nxd5 Qxd5 34.
Be4 Qd6 35. g3 Ba7 36. f4 Rc7 37. Re2 Rcd7 38. Red2 Nd5 39. f5 exf5 40. Bxf5
Re7 41. Re1 Rde8 42. Rxe7 Rxe7 43. Qc2 g6 44. Be4 Kg7 45. Qd3 Re6 46. Bf3 h5
47. Re2 Rf6 48. Re5 Nc7 49. g4 hxg4 50. hxg4 Ne6 51. Rd5 Qf4 52. Kg2 Bb8 53.
Rd7 Ng5 54. d5 Nxf3 55. Rb7 0-1

[Event "2007. Central Serbia champions"]
[Site "Vrnjacka Banja"]
[Date "2007.12.11"]
[Round "3.9"]
[White "Biljanic, Ljubomir"]
[Black "Dodic, Dragan"]
[Result "1-0"]
[WhiteElo "2291"]
[BlackElo "2162"]
[PlyCount "111"]
[EventDate "2007.12.10"]

1. d4 d5 2. c4 c6 3. Nf3 Nf6 4. Nc3 dxc4 5. a4 Bf5 6. e3 e6 7. Bxc4 Bb4 8. O-O
Nbd7 9. Qe2 O-O 10. e4 Bg6 11. e5 Nd5 12. Nxd5 cxd5 13. Bd3 Bxd3 14. Qxd3 Be7
15. Ne1 Rc8 16. Qg3 Kh8 17. Nd3 Re8 18. Nf4 Nf8 19. Nh5 Ng6 20. f4 f5 21. exf6
Bxf6 22. Be3 Nh4 23. Bf2 Nf5 24. Qd3 g6 25. Ng3 Qd6 26. Ne2 h5 27. g3 Qb4 28.
b3 Kg7 29. Rfc1 a6 30. Kg2 Nd6 31. h3 Ne4 32. Be3 Kf7 33. Rc2 Be7 34. g4 hxg4
35. hxg4 Rxc2 36. Qxc2 Rh8 37. Ng3 Nxg3 38. Kxg3 Bd6 39. Rf1 g5 40. Kg2 Kg7 41.
Bd2 Qb6 42. Qd3 gxf4 43. Bxf4 Qc7 44. Qe3 Bxf4 45. Rxf4 Rh6 46. Qe5+ Qxe5 47.
dxe5 Rg6 48. Rb4 Rg5 49. Rxb7+ Kg6 50. Rb6 Rxe5 51. Rxa6 Kf6 52. a5 Re3 53. Rb6
d4 54. Kf2 Rc3 55. Ke2 Ke5 56. a6 1-0

[Event "2007. Central Serbia champions"]
[Site "Vrnjacka Banja"]
[Date "2007.12.11"]
[Round "3.10"]
[White "Stojanovic, Zlatko"]
[Black "Savic, Miodrag R"]
[Result "0-1"]
[WhiteElo "2245"]
[BlackElo "2539"]
[PlyCount "69"]
[EventDate "2007.12.10"]

1. e4 d5 2. exd5 Qxd5 3. Nf3 Nf6 4. d4 c6 5. Be2 Bf5 6. Nbd2 e6 7. O-O Qd8 8.
c3 Nbd7 9. Nc4 Be7 10. Bf4 Nb6 11. Ne3 Bg6 12. Ne5 Nfd7 13. N5c4 Nf6 14. Nxb6
axb6 15. Re1 O-O 16. Bg5 b5 17. a3 Nd7 18. Bxe7 Qxe7 19. Bd3 Bxd3 20. Qxd3 Rfd8
21. Rad1 Nb6 22. Ng4 Qg5 23. Ne5 f6 24. Nf3 Qd5 25. Qe2 Nc4 26. Rb1 Re8 27. Qc2
Rad8 28. Re2 Qf5 29. Qxf5 exf5 30. Kf1 Kf7 31. Nd2 Nb6 32. Ke1 Nd5 33. g3 h5
34. Nb3 f4 35. Kd2 0-1

[Event "2007. Central Serbia champions"]
[Site "Vrnjacka Banja"]
[Date "2007.12.11"]
[Round "3.11"]
[White "Pantic, Ivica"]
[Black "Abramovic, Bosko"]
[Result "0-1"]
[WhiteElo "2192"]
[BlackElo "2508"]
[PlyCount "81"]
[EventDate "2007.12.10"]

1. d4 d5 2. c4 e6 3. Nc3 Be7 4. cxd5 exd5 5. Bf4 c6 6. e3 Bf5 7. g4 Be6 8. Bg2
Nd7 9. h3 Nb6 10. Nf3 Bd6 11. Ne5 Ne7 12. Qc2 Ng6 13. Nxg6 hxg6 14. Bxd6 Qxd6
15. O-O-O O-O-O 16. Kb1 Kb8 17. b3 g5 18. f3 f6 19. Ne2 Bg8 20. Ka1 Bh7 21. e4
dxe4 22. fxe4 Rhe8 23. Nc3 Nd5 24. Rhe1 Qf4 25. Nxd5 cxd5 26. Qd2 Bxe4 27. Bxe4
Qxd2 28. Rxd2 Rxe4 29. Rc1 Rc8 30. Rf1 Kc7 31. Rf3 Kd6 32. Kb2 Ree8 33. Rdd3
Re2+ 34. Ka3 a5 35. Ka4 Rxa2+ 36. Kb5 Re8 37. Kb6 a4 38. b4 Rb2 39. b5 Rb4 40.
Rc3 Rxd4 41. Rc7 0-1

[Event "2007. Central Serbia champions"]
[Site "Vrnjacka Banja"]
[Date "2007.12.11"]
[Round "3.12"]
[White "Vratonjic, Slobo"]
[Black "Colovic, Zoran"]
[Result "1-0"]
[WhiteElo "2453"]
[BlackElo "2234"]
[PlyCount "72"]
[EventDate "2007.12.10"]

1. e4 c5 2. Nf3 Nc6 3. Bb5 g6 4. O-O Bg7 5. Re1 e5 6. Bxc6 bxc6 7. c3 d6 8. d4
cxd4 9. cxd4 Bg4 10. dxe5 dxe5 11. Nbd2 Qd3 12. Re3 Qd7 13. h3 Bxf3 14. Qxf3
Rd8 15. Re1 Ne7 16. Nc4 Qd3 17. Qxd3 Rxd3 18. Be3 Rd7 19. Red1 Nc8 20. Na5 Rc7
21. Rac1 Ne7 22. Bc5 O-O 23. Nxc6 Nxc6 24. Bxf8 Bxf8 25. Rc5 Bh6 26. Rd6 Rb7
27. Rdxc6 Rxb2 28. Rc2 Rb4 29. R6c4 Rb1+ 30. Kh2 Bg5 31. g3 Re1 32. Kg2 f5 33.
h4 Bh6 34. Rc8+ Kf7 35. R2c7+ Ke6 36. Rxh7 Bc1 1-0

[Event "2007. Central Serbia champions"]
[Site "Vrnjacka Banja"]
[Date "2007.12.11"]
[Round "3.13"]
[White "Bozic, Milan"]
[Black "Radenkovic, Dragan"]
[Result "1-0"]
[WhiteElo "2435"]
[BlackElo "2188"]
[PlyCount "41"]
[EventDate "2007.12.10"]

1. e4 Nf6 2. e5 Nd5 3. c4 Nb6 4. d4 d6 5. f4 dxe5 6. fxe5 Nc6 7. Be3 Bf5 8. Nc3
e6 9. Nf3 Be7 10. a3 O-O 11. Qb3 Nd7 12. O-O-O Na5 13. Qa2 c5 14. dxc5 Bxc5 15.
Bd2 Qb6 16. b4 Bxb4 17. axb4 Qxb4 18. Nd5 Nb3+ 19. Kb2 Qc5 20. Qxb3 exd5 21.
Bb4 1-0

[Event "2007. Central Serbia champions"]
[Site "Vrnjacka Banja"]
[Date "2007.12.11"]
[Round "3.14"]
[White "Vasic, Vladimir"]
[Black "Kojovic, Dragan"]
[Result "0-1"]
[WhiteElo "2185"]
[BlackElo "2413"]
[PlyCount "146"]
[EventDate "2007.12.10"]

1. e4 c5 2. Nf3 Nc6 3. d4 cxd4 4. Nxd4 Qc7 5. Be3 e6 6. c4 Nf6 7. Nc3 a6 8. Rc1
Bb4 9. f3 O-O 10. a3 Be7 11. Qd2 Ne5 12. Be2 d6 13. O-O Bd7 14. h3 Rac8 15. f4
Ng6 16. b4 Qb8 17. g4 e5 18. Nf5 Bxf5 19. exf5 Nxf4 20. Bxf4 exf4 21. Qxf4 h6
22. Bd3 Rfe8 23. Rf3 Nh7 24. f6 Bxf6 25. Nd5 Re6 26. h4 Qa7+ 27. Kg2 Qd4 28.
Bf5 Re2+ 29. Kh3 Rce8 30. Bxh7+ Kxh7 31. Nxf6+ Qxf6 32. Qxf6 gxf6 33. Rd1 R8e6
34. Rd4 Kg7 35. Kg3 R2e4 36. Rxe4 Rxe4 37. Rf4 Re3+ 38. Rf3 Re1 39. Rd3 Re6 40.
Kf4 Kg6 41. Rd5 Kg7 42. a4 Kf8 43. a5 Ke7 44. c5 dxc5 45. Rxc5 b6 46. Rc7+ Kf8
47. Ra7 bxa5 48. bxa5 Kg7 49. Rb7 Re5 50. h5 Rxa5 51. Ra7 Ra1 52. Ra8 a5 53.
Kg3 Ra4 54. Ra6 Ra3+ 55. Kg2 a4 56. Kf2 Ra1 57. Kg2 a3 58. Kh2 a2 59. Kg2 Kf8
60. Ra7 Ke8 61. Kh2 Kd8 62. Kg2 Kc8 63. Kh2 Kb8 64. Ra3 Kc7 65. Kg2 Kd6 66. Ra5
Kc6 67. Kh2 Kb6 68. Ra8 Kc5 69. Rc8+ Kd4 70. Ra8 Ke3 71. Ra3+ Kf4 72. Ra4+ Kf3
73. g5 fxg5 0-1

[Event "2007. Central Serbia champions"]
[Site "Vrnjacka Banja"]
[Date "2007.12.11"]
[Round "3.15"]
[White "Jokic, Miodrag"]
[Black "Kostic, Vladimir G"]
[Result "0-1"]
[WhiteElo "2174"]
[BlackElo "2402"]
[PlyCount "84"]
[EventDate "2007.12.10"]

1. d4 e6 2. c4 f5 3. g3 Nf6 4. Bg2 c6 5. Nc3 d5 6. Nf3 Bd6 7. O-O O-O 8. Bg5
Nbd7 9. e3 Qc7 10. a3 h6 11. Bf4 b6 12. b4 Bb7 13. Re1 Ne4 14. Nxe4 fxe4 15.
Bxd6 Qxd6 16. Nd2 Qe7 17. f3 exf3 18. Bxf3 e5 19. cxd5 cxd5 20. Qb3 Qf7 21. Rf1
exd4 22. exd4 Nf6 23. Bg2 Rac8 24. Rae1 Qc7 25. Bh3 Rce8 26. Nf3 Ne4 27. Rc1
Qd6 28. Qd3 Bc8 29. Bxc8 Rxc8 30. Rxc8 Rxc8 31. Ne5 Rf8 32. Rxf8+ Qxf8 33. Qf1
Nd6 34. Qg2 Nb5 35. Qf1 Qxf1+ 36. Kxf1 Nc3 37. Nc6 a6 38. Ke1 Kf7 39. Kd2 Nb1+
40. Kd3 Nxa3 41. Nb8 Ke6 42. Nxa6 Nb5 0-1

[Event "2007. Central Serbia champions"]
[Site "Vrnjacka Banja"]
[Date "2007.12.11"]
[Round "3.17"]
[White "Benderac, Ana"]
[Black "Simic, Milan"]
[Result "0-1"]
[WhiteElo "2328"]
[BlackElo "2140"]
[PlyCount "88"]
[EventDate "2007.12.10"]

1. d4 f5 2. g4 fxg4 3. e4 d5 4. e5 Bf5 5. h3 Qd7 6. Bd3 gxh3 7. Nxh3 Bg4 8. Qd2
Bxh3 9. Qg5 Qg4 10. Qe3 Bg2 11. Rg1 g6 12. Be2 Qh3 13. Nc3 Qxe3 14. Bxe3 Be4
15. f3 Bf5 16. Nxd5 Kd8 17. Rh1 c6 18. Nf4 Bh6 19. Kd2 Bxf4 20. Bxf4 Nd7 21. c4
e6 22. Bd3 Bxd3 23. Kxd3 Ke7 24. b4 Kf7 25. Rab1 a6 26. Rhc1 Ne7 27. Ke4 Nf5
28. Rb2 Rad8 29. Rd2 Nb6 30. Bg5 Rc8 31. a4 h6 32. Bf4 Nxa4 33. c5 Rhd8 34. Be3
b5 35. Bf2 Ra8 36. f4 a5 37. bxa5 Rxa5 38. Rdc2 Ra7 39. Rb1 Rad7 40. Rb4 h5 41.
Bg1 h4 42. Bf2 Rh8 43. Rb1 h3 44. Bg1 h2 0-1

[Event "2007. Central Serbia champions"]
[Site "Vrnjacka Banja"]
[Date "2007.12.11"]
[Round "3.21"]
[White "Lajthajm, Borko"]
[Black "Karaklajic, Milutin"]
[Result "1-0"]
[WhiteElo "2512"]
[BlackElo "2099"]
[PlyCount "85"]
[EventDate "2007.12.10"]

1. d4 e6 2. c4 d5 3. Nf3 dxc4 4. Qa4+ Nd7 5. e4 Ngf6 6. Nc3 c6 7. Qxc4 Qa5 8.
Bd2 Qb6 9. Rb1 Bb4 10. Bd3 Bxc3 11. bxc3 Qc7 12. O-O e5 13. Ng5 O-O 14. f4 b5
15. Qb3 exd4 16. cxd4 h6 17. Nf3 a6 18. Rbc1 Qb6 19. e5 Nd5 20. Bb1 Bb7 21. Qd3
f5 22. Nh4 c5 23. Nxf5 c4 24. Qg3 Rxf5 25. Bxf5 Qxd4+ 26. Qf2 Qxf2+ 27. Kxf2
Nc5 28. Rfd1 c3 29. Be1 b4 30. Rd4 Ne7 31. Bc2 a5 32. f5 Nc6 33. Rd5 Na6 34. f6
Rd8 35. Bb3 Kf8 36. fxg7+ Kxg7 37. e6 Rxd5 38. Bxd5 Nc5 39. Ke2 Kg6 40. Rc2 a4
41. Bxc6 b3 42. axb3 axb3 43. Be8+ 1-0

[Event "2007. Central Serbia champions"]
[Site "Vrnjacka Banja"]
[Date "2007.12.11"]
[Round "3.22"]
[White "Misailovic, Nebojsa"]
[Black "Simic, Vladica"]
[Result "1-0"]
[WhiteElo "2318"]
[BlackElo "2082"]
[PlyCount "83"]
[EventDate "2007.12.10"]

1. e4 c5 2. Nf3 d6 3. d4 cxd4 4. Nxd4 Nf6 5. Nc3 a6 6. Be3 e5 7. Nb3 Be7 8. f3
Be6 9. Qd2 O-O 10. O-O-O b5 11. g4 b4 12. Nd5 Bxd5 13. exd5 a5 14. Kb1 Qc7 15.
h4 Nfd7 16. Qf2 a4 17. Nd2 a3 18. b3 Rc8 19. Bc4 Na6 20. g5 Rcb8 21. h5 Nb6 22.
f4 Nxc4 23. Nxc4 exf4 24. Qxf4 Nc5 25. Rhf1 Rf8 26. Qd4 Rfc8 27. Qf4 Rf8 28.
Rde1 Ra7 29. h6 f5 30. hxg7 Rf7 31. g6 hxg6 32. Qh6 Rxg7 33. Bd4 Bf8 34. Re8
Kf7 35. Rxf8+ Kxf8 36. Qh8+ Rg8 37. Qf6+ Ke8 38. Re1+ Ne4 39. Nxd6+ Kd7 40.
Qe6+ Kd8 41. Qxg8+ Kd7 42. Qe6+ 1-0

[Event "2007. Central Serbia champions"]
[Site "Vrnjacka Banja"]
[Date "2007.12.11"]
[Round "3.24"]
[White "Boskovic, Maksimilijan"]
[Black "Dorontic, Zoran"]
[Result "0-1"]
[WhiteElo "1850"]
[BlackElo "2167"]
[PlyCount "76"]
[EventDate "2007.12.10"]

1. e4 c5 2. Nf3 e6 3. d4 cxd4 4. Nxd4 a6 5. Nc3 Qc7 6. Be2 Bb4 7. Qd3 Nf6 8.
O-O d6 9. Be3 Nbd7 10. f3 O-O 11. h3 b5 12. Qd2 Bb7 13. Bd3 Rfc8 14. Nde2 d5
15. exd5 Nxd5 16. Bd4 Bd6 17. f4 Bc5 18. Nxd5 Bxd5 19. c3 Nf6 20. Qe3 Bxd4 21.
Nxd4 g6 22. a3 Nh5 23. g4 Ng7 24. Rf2 f5 25. Re1 Re8 26. Qe5 Qd8 27. g5 Qd7 28.
Rfe2 Rad8 29. Qe3 Ba8 30. Qf2 Nh5 31. Re5 Qb7 32. Kh2 Nxf4 33. Bc2 Rd5 34. Rxd5
Qxd5 35. Bb3 Qb7 36. Kg3 Nd3 37. Qe2 Qc7+ 38. Kh4 Qf4+ 0-1

[Event "2007. Central Serbia champions"]
[Site "Vrnjacka Banja"]
[Date "2007.12.11"]
[Round "3.25"]
[White "Ilic, Slobodan S"]
[Black "Gagic, Miroljub"]
[Result "1-0"]
[WhiteElo "2166"]
[BlackElo "1930"]
[PlyCount "43"]
[EventDate "2007.12.10"]

1. e4 e6 2. d4 d5 3. Nd2 dxe4 4. Nxe4 Nd7 5. Nf3 Ngf6 6. Nxf6+ Nxf6 7. Bd3 c5
8. dxc5 Qa5+ 9. Bd2 Qxc5 10. O-O Be7 11. Re1 Bd7 12. Qe2 O-O 13. Ne5 Rfd8 14.
a3 Qc7 15. Bg5 Bc6 16. Nxf7 Re8 17. Qxe6 Bd5 18. Nh6+ Kh8 19. Qf5 Qc8 20. Bxf6
Qxf5 21. Bxg7+ Kxg7 22. Nxf5+ 1-0

[Event "2007. Central Serbia champions"]
[Site "Vrnjacka Banja"]
[Date "2007.12.11"]
[Round "3.27"]
[White "Filipovic, Tomislav"]
[Black "Pantovic, Dragan M"]
[Result "1/2-1/2"]
[WhiteElo "2010"]
[BlackElo "2137"]
[PlyCount "41"]
[EventDate "2007.12.10"]

1. Nf3 c5 2. e4 e6 3. Nc3 d6 4. d4 cxd4 5. Qxd4 a6 6. Be3 Nf6 7. h3 b5 8. a3
Be7 9. Be2 Bb7 10. O-O O-O 11. Rad1 Nc6 12. Qd2 Qc7 13. Bd3 Rac8 14. Qe2 Na5
15. Bc1 Nd7 16. Rfe1 Bf6 17. Nb1 Rfd8 18. c3 Nc5 19. Bc2 Nc4 20. Nbd2 Ne5 21.
Nxe5 1/2-1/2

[Event "2007. Central Serbia champions"]
[Site "Vrnjacka Banja"]
[Date "2007.12.11"]
[Round "3.28"]
[White "Lecic, Predrag"]
[Black "Arsovic, Goran"]
[Result "0-1"]
[WhiteElo "2089"]
[BlackElo "2478"]
[PlyCount "43"]
[EventDate "2007.12.10"]

1. Nf3 Nf6 2. g3 g6 3. Bg2 Bg7 4. O-O O-O 5. d4 d6 6. b3 c5 7. e3 Nc6 8. Bb2
Ne4 9. Nbd2 d5 10. Nxe4 dxe4 11. Ne5 f5 12. Nxc6 bxc6 13. Qe2 cxd4 14. Qc4+ Qd5
15. Qxd5+ cxd5 16. Bxd4 Bxd4 17. exd4 Ba6 18. Rfc1 Rac8 19. c3 Rf6 20. c4 dxc4
21. Bf1 cxb3 22. Bxa6 0-1